Vulgáris és archaikus elemek Sallustius nyelvében

Elmentve itt :
Bibliográfiai részletek
Szerző: Túri Károly
További közreműködők: Huszti József (Témavezető)
Dokumentumtípus: Szakdolgozat
Megjelent: 1929
Tárgyszavak:
Online Access:http://diploma.bibl.u-szeged.hu/85552
LEADER 00555nta a2200157 i 4500
001 dipl85552
005 20200424064801.0
008 200423s1929 hu om 0|| zxx d
040 |a SZTE Diploma Repozitórium  |b hun 
041 |a zxx 
100 1 |a Túri Károly 
245 1 0 |a Vulgáris és archaikus elemek Sallustius nyelvében  |h [elektronikus dokumentum] /  |c Károly Túri 
260 |c 1929 
650 4 |a Bölcsészettudományok 
700 1 |a Huszti József  |e ths 
856 4 0 |u http://diploma.bibl.u-szeged.hu/id/eprint/85552/1/diploma_1929_turi_karoly.pdf  |z Dokumentum-elérés